Principles of tropical agronomy / (Record no. 3958)

MARC details
000 -LEADER
fixed length control field 01187cam a22003134a 4500
001 - CONTROL NUMBER
control field 12452804
003 - CONTROL NUMBER IDENTIFIER
control field OSt
005 - DATE AND TIME OF LATEST TRANSACTION
control field 20210915091909.0
008 - FIXED-LENGTH DATA ELEMENTS--GENERAL INFORMATION
fixed length control field 010626s2002 enkab b 001 0 eng
010 ## - LIBRARY OF CONGRESS CONTROL NUMBER
LC control number 2001037838
020 ## - INTERNATIONAL STANDARD BOOK NUMBER
International Standard Book Number 085199136X (pbk.)
040 ## - CATALOGING SOURCE
Transcribing agency HU
042 ## - AUTHENTICATION CODE
Authentication code pcc
043 ## - GEOGRAPHIC AREA CODE
Geographic area code w------
050 00 - LIBRARY OF CONGRESS CALL NUMBER
Classification number S604.37
Item number .A94 2002
082 00 - DEWEY DECIMAL CLASSIFICATION NUMBER
Classification number 604.37/AZA
100 1# - MAIN ENTRY--PERSONAL NAME
Personal name Azam-Ali, S. N.
Fuller form of name (Sayed N.)
9 (RLIN) 3738
245 10 - TITLE STATEMENT
Title Principles of tropical agronomy /
Statement of responsibility, etc. S.N. Azam-Ali and G.R. Squire.
260 ## - PUBLICATION, DISTRIBUTION, ETC.
Place of publication, distribution, etc. Wallingford, Oxon, UK ;
-- New York :
Name of publisher, distributor, etc. CABI Pub.,
Date of publication, distribution, etc. c2002.
300 ## - PHYSICAL DESCRIPTION
Extent viii, 236 p. :
Other physical details ill. ;
Dimensions 25 cm.
504 ## - BIBLIOGRAPHY, ETC. NOTE
Bibliography, etc. note Includes bibliographical references (p. 197-210) and index.
650 #0 - SUBJECT ADDED ENTRY--TOPICAL TERM
Topical term or geographic name entry element Agriculture
Geographic subdivision Tropics.
9 (RLIN) 3739
700 1# - ADDED ENTRY--PERSONAL NAME
Personal name Squire, G. R.
Fuller form of name (Geoffrey R.)
9 (RLIN) 3740
856 41 - ELECTRONIC LOCATION AND ACCESS
Materials specified Table of contents only
Uniform Resource Identifier <a href="http://www.loc.gov/catdir/enhancements/fy0612/2001037838-t.html">http://www.loc.gov/catdir/enhancements/fy0612/2001037838-t.html</a>
856 42 - ELECTRONIC LOCATION AND ACCESS
Materials specified Publisher description
Uniform Resource Identifier <a href="http://www.loc.gov/catdir/enhancements/fy0612/2001037838-d.html">http://www.loc.gov/catdir/enhancements/fy0612/2001037838-d.html</a>
906 ## - LOCAL DATA ELEMENT F, LDF (RLIN)
a 7
b cbc
c orignew
d 1
e ocip
f 20
g y-gencatlg
942 ## - ADDED ENTRY ELEMENTS (KOHA)
Source of classification or shelving scheme Dewey Decimal Classification
Koha item type Books like text book referance book
Suppress in OPAC No
Holdings
Withdrawn status Lost status Source of classification or shelving scheme Damaged status Not for loan Home library Current library Shelving location Date acquired Total Checkouts Full call number Barcode Date last seen Copy number Price effective from Koha item type
    Dewey Decimal Classification     College of Agriculture Library College of Agriculture Library   06/30/2022   604.37/AZA ALIB0021665 06/30/2022 5 06/30/2022 Books like text book referance book
    Dewey Decimal Classification     Natural & Computational Science Library Natural & Computational Science Library General Stacks 09/15/2021   604.37/AZA NSCLIB00007638 09/15/2021 1 09/15/2021 Books like text book referance book